| 000 | 00467nam a22001697a 4500 | ||
|---|---|---|---|
| 003 | SGT | ||
| 020 | _a9786203042153 | ||
| 082 |
_a617.632 _bF20D |
||
| 100 | _aDev, Manish...[et. al.] | ||
| 245 |
_aFailures and Management of Disease of Implant _bImplant management: An Overview |
||
| 250 | _a1st | ||
| 260 |
_bLambert Academic Publishing _c2020 |
||
| 300 | _a141 | ||
| 650 | _aPeriodontics | ||
| 653 | _aPeriodontics, Implant; Implant Management | ||
| 942 |
_2ddc _cBK |
||
| 999 |
_c23829 _d23829 |
||